000 01274nam a2200229Ia 4500
001 12393
003 GE_BSU
008 181216s||||||||xx |||||||||||||| ||und||
040 _cGE_BSU
080 _a636.5(075.32)+331.361.2
245 _aმეფრინველეობა.
245 _bსახელმძღვ.სოფლის მეურნ. II თანრიგის ოსტატთა მოსამზადებლად.
245 _cმთარგმნელები:ნ.ანთაძე; ე.ანთაძე. რედ:ნ.ანთაძე. მხატვ:ჯ.ყავლაშვილი.
250 _aთარგმანი მე-2,გადამუშ.და შევს.რუსული გამოცემიდან ნ.პ.ტრეტიაკოვის რედ.
260 _aთბილისი.
260 _bსახელგამი.
260 _c1956
300 _a350გვ;21სმ.
300 _bილ;ცხრილები;დანართი გვ:346.
653 _aმეფრინველეობა.სახელმძღვ.სოფლის მეურნ. II თანრიგის ოსტატთა მოსამზადებლად.
942 _cBK
999 _c45567
_d45567